000
00276nam a22001217a 4500
008
170525b xxu||||| |||| 00| 0 eng d
041
_a
eng
080
_a
621.3
100
_a
26
101
_a
IM
245
_a
SISTEMI NDËRKOMBËTAR I NJËSIVE
_c
SKENDERI,S.H
942
_2
udc
_c
BK
999
_c
14223
_d
14223